[Event "Det åpne Hordalandsmesterskapet (NGP)"]
[Site "Ulsmåg skole"]
[Date "2018.06.09"]
[Round "3"]
[White "Johannessen, Heine N"]
[Black "Solberg, Joachim"]
[Result "0-1"]
[WhiteElo "1516"]
[BlackElo "2265"]
[PlyCount "94"]
[EventDate "2018.??.??"]

1. e4 c5 2. d4 cxd4 3. c3 Nf6 4. e5 Nd5 5. Nf3 e6 6. cxd4 d6 7. Nc3 Nxc3 8.
bxc3 Qc7 9. Bd2 Nd7 10. exd6 Bxd6 11. Bd3 O-O 12. O-O Bf4 13. Re1 Bxd2 14. Qxd2
b6 15. Ne5 Bb7 16. Nxd7 Qxd7 17. Re3 Rac8 18. Rh3 f5 19. f4 Bd5 20. Re1 Qc6 21.
Bc2 Rf6 22. Ree3 Qb5 23. g4 fxg4 24. Bxh7+ Kf7 25. Bd3 Qa5 26. Rhg3 Qxa2 27.
Qxa2 Bxa2 28. Rxg4 Rxc3 29. Reg3 Rc1+ 30. Kg2 Bd5+ 31. Kf2 g6 32. Bxg6+ Ke7 33.
h4 Rh1 34. h5 a5 35. Rg1 Rh3 36. R1g3 Rh2+ 37. Kg1 Rh1+ 38. Kf2 a4 39. Rg1 Rxg1
40. Kxg1 a3 41. Kh2 a2 42. Rg1 Rxf4 43. Kg3 Rf8 44. h6 Rg8 45. Kf4 Rxg6 46. h7
Rh6 47. Rg7+ Kf6
0-1

[Event "Det åpne Hordalandsmesterskapet (NGP)"]
[Site "Ulsmåg skole"]
[Date "2018.06.09"]
[Round "3"]
[White "Martinsen, Stig K"]
[Black "Hølleland, Sigve"]
[Result "1/2-1/2"]
[WhiteElo "2185"]
[BlackElo "2011"]
[PlyCount "53"]
[EventDate "2018.??.??"]

1. e4 e5 2. Bc4 Nf6 3. Nc3 Bc5 4. f4 d6 5. Nf3 O-O 6. d3 Nc6 7. Na4 Bb6 8. Nxb6
axb6 9. fxe5 dxe5 10. c3 Qe7 11. Bg5 Be6 12. Bxe6 Qxe6 13. a3 Rfd8 14. Qe2 Rd6
15. Rd1 Nd7 16. O-O Re8 17. Bh4 f6 18. Bg3 Qb3 19. d4 Na5 20. dxe5 fxe5 21.
Rxd6 cxd6 22. Rd1 Re6 23. Rd5 Nc5 24. Bf2 Qc4 25. Qd1 Nxe4 26. Bxb6 Nb3 27. Be3
1/2-1/2

[Event "Det åpne Hordalandsmesterskapet (NGP)"]
[Site "Ulsmåg skole"]
[Date "2018.06.09"]
[Round "3"]
[White "Mansoor, Afras"]
[Black "Hina, Ariza"]
[Result "1-0"]
[WhiteElo "1929"]
[BlackElo "1517"]
[PlyCount "83"]
[EventDate "2018.??.??"]

1. c4 e5 2. g3 Nc6 3. Nc3 f5 4. Nf3 Nf6 5. d4 d6 6. dxe5 dxe5 7. Qxd8+ Kxd8 8.
Bg5 Be7 9. O-O-O+ Ke8 10. Nb5 Ne4 11. Nxc7+ Kf7 12. Bxe7 Kxe7 13. Nxa8 Nxf2 14.
Bg2 Nxh1 15. Bxh1 Be6 16. Nc7 Bxc4 17. Nd5+ Bxd5 18. Rxd5 e4 19. Nd4 Nxd4 20.
Rxd4 Rc8+ 21. Kd2 Ke6 22. Bg2 Rc7 23. e3 g6 24. Bf1 b6 25. Bc4+ Ke5 26. Bb3 Kf6
27. Rd6+ Kg5 28. h3 Rg7 29. Ba4 h5 30. Rd7 Rxd7+ 31. Bxd7 h4 32. g4 f4 33.
exf4+ Kxf4 34. Ke2 g5 35. Kf2 a6 36. a4 a5 37. b3 e3+ 38. Ke2 Ke4 39. Bf5+ Kd4
40. Bd3 Kc3 41. Kxe3 Kxb3 42. Bb5
1-0

[Event "Det åpne Hordalandsmesterskapet (NGP)"]
[Site "Ulsmåg skole"]
[Date "2018.06.09"]
[Round "3"]
[White "Sivertsen, Jarle"]
[Black "Ayzenberg, Alena"]
[Result "1/2-1/2"]
[WhiteElo "1592"]
[BlackElo "1887"]
[PlyCount "138"]
[EventDate "2018.??.??"]

1. c4 e5 2. g3 d5 3. Bg2 c6 4. Qb3 dxc4 5. Qxc4 Be6 6. Qc3 Qd4 7. Nf3 Qxc3 8.
Nxc3 Nd7 9. O-O Be7 10. d4 exd4 11. Nxd4 Bc4 12. Nf5 g6 13. Nxe7 Nxe7 14. b3
Ba6 15. Bb2 O-O-O 16. Ne4 Rhf8 17. Ba3 c5 18. Nxc5 Nxc5 19. Bxc5 Rfe8 20. Bxa7
Nc6 21. Be3 Bxe2 22. Rfc1 Rd6 23. Rc2 Bg4 24. Rac1 Kd7 25. h3 Bf5 26. Rc5 Be4
27. Bxe4 Rxe4 28. Rb5 Rb4 29. Rxb4 Nxb4 30. a3 Nc6 31. Rc3 Rd1+ 32. Kg2 Ne7 33.
Bc5 Nd5 34. Rf3 Ke6 35. a4 b6 36. Bf8 Rc1 37. Rd3 Rc3 38. Rxc3 Nxc3 39. Bb4 Nd5
40. Bd2 Ke5 41. a5 bxa5 42. Bxa5 Ke4 43. g4 Nf4+ 44. Kh2 Nd3 45. Kg3 Nc1 46.
f3+ Kd5 47. b4 Ne2+ 48. Kf2 Nd4 49. f4 h6 50. Kg3 Ke4 51. Bc7 Ne2+ 52. Kf2 Nd4
53. Bd6 Kd3 54. Be5 Nb5 55. Kf3 Kc4 56. Ke4 Kxb4 57. h4 Kc4 58. h5 Kc5 59. hxg6
fxg6 60. f5 gxf5+ 61. Kxf5 Kd5 62. Bf4 Nd4+ 63. Kg6 Ke6 64. Kxh6 Kf7 65. g5
Nf5+ 66. Kh7 Nh4 67. Bg3 Ng6 68. Kh6 Ne7 69. g6+ Nxg6
1/2-1/2

[Event "Det åpne Hordalandsmesterskapet (NGP)"]
[Site "Ulsmåg skole"]
[Date "2018.06.09"]
[Round "3"]
[White "Aarnes, Eirik"]
[Black "Ziegler, Lars"]
[Result "1/2-1/2"]
[WhiteElo "1784"]
[BlackElo "1699"]
[PlyCount "126"]
[EventDate "2018.??.??"]

1. e4 e6 2. d4 d5 3. Nd2 Nf6 4. e5 Nfd7 5. Bd3 c5 6. c3 Nc6 7. Ne2 Be7 8. O-O
O-O 9. Nf3 cxd4 10. cxd4 f6 11. Nf4 Nb6 12. exf6 Bxf6 13. Nh5 Qe8 14. Nxf6+
Rxf6 15. Bg5 Rf8 16. Rc1 Bd7 17. Bh4 Qh5 18. Bg3 Rf7 19. Re1 Re8 20. b3 Nc8 21.
Ne5 Qxd1 22. Rexd1 Nxe5 23. Bxe5 Bc6 24. Rd2 Ne7 25. Re2 Nf5 26. b4 a6 27. Rb2
Ra8 28. h3 Rd7 29. Rcc2 Nd6 30. Bxd6 Rxd6 31. b5 axb5 32. Bxb5 Kf7 33. Bxc6
bxc6 34. Rb6 Ra4 35. Rd2 Kf6 36. Rd3 Rxa2 37. Rf3+ Ke7 38. Rb7+ Rd7 39. Rxd7+
Kxd7 40. Rf7+ Kd6 41. Rxg7 e5 42. dxe5+ Kxe5 43. g4 d4 44. Kf1 d3 45. Ke1 Re2+
46. Kd1 Rxf2 47. Rxh7 Kd4 48. Ra7 c5 49. g5 c4 50. Ke1 Re2+ 51. Kf1 Re5 52. g6
d2 53. Rd7+ Kc3 54. g7 Rg5 55. Ke2 Re5+ 56. Kf2 Re8 57. h4 Kc2 58. h5 d1=Q 59.
Rxd1 Kxd1 60. h6 c3 61. h7 c2 62. g8=Q Rxg8 63. hxg8=Q c1=Q
1/2-1/2

[Event "Det åpne Hordalandsmesterskapet (NGP)"]
[Site "Ulsmåg skole"]
[Date "2018.06.09"]
[Round "3"]
[White "Andås, Kjetil"]
[Black "Jonvik, Aslak"]
[Result "1-0"]
[WhiteElo "1763"]
[BlackElo "1492"]
[PlyCount "115"]
[EventDate "2018.??.??"]

1. d4 Nf6 2. c4 e6 3. Nf3 d5 4. g3 dxc4 5. Bg2 Be7 6. Ne5 O-O 7. O-O Nd5 8.
Nxc4 b5 9. Ne5 Bb7 10. Qb3 a5 11. Qxb5 Ba6 12. Qxa5 f6 13. Nd3 Nc6 14. Qd2 Nxd4
15. Nc3 Rb8 16. Nxd5 exd5 17. Nf4 c5 18. Bxd5+ Kh8 19. Re1 g5 20. e3 gxf4 21.
exd4 Qxd5 22. Rxe7 Bb7 23. Rxb7 Rxb7 24. dxc5 Qxd2 25. Bxd2 fxg3 26. hxg3 Rxb2
27. Bh6 Ra8 28. a3 Rb3 29. Rd1 Rbxa3 30. Rd7 R3a7 31. Bg7+ Kg8 32. Rxa7 Rxa7
33. Bxf6 Ra4 34. Be5 Rc4 35. Bd6 Kf7 36. Kg2 h5 37. Kf3 Ke6 38. Ke3 Kd5 39. f4
Rc3+ 40. Kf2 Rc2+ 41. Kf3 Rc3+ 42. Kg2 Ke4 43. Kh3 Kf5 44. Be7 Rc2 45. Bd6 Rc1
46. Be7 Rh1+ 47. Kg2 Re1 48. Bd6 Kg4 49. c6 Rc1 50. c7 Rc2+ 51. Kg1 Rc3 52. Kf2
Rc2+ 53. Ke3 Kf5 54. Kd4 Ke6 55. Be5 Rc1 56. Ke4 Kd7 57. Kf5 Rc3 58. Bxc3
1-0

[Event "Det åpne Hordalandsmesterskapet (NGP)"]
[Site "Ulsmåg skole"]
[Date "2018.06.09"]
[Round "4"]
[White "Solberg, Joachim"]
[Black "Sivertsen, Jarle"]
[Result "1-0"]
[WhiteElo "2265"]
[BlackElo "1592"]
[PlyCount "97"]
[EventDate "2018.??.??"]

1. e4 e5 2. Nf3 Nc6 3. Nc3 Nf6 4. d4 exd4 5. Nxd4 Bb4 6. Nxc6 Bxc3+ 7. bxc3
dxc6 8. Bd3 O-O 9. O-O Re8 10. Qf3 Bg4 11. Qg3 Qd6 12. Bf4 Qe6 13. f3 Bh5 14.
Bxc7 Bg6 15. a4 Re7 16. Qd6 Qd7 17. Qxd7 Rxd7 18. Be5 Rad8 19. Bxf6 gxf6 20. f4
Rxd3 21. cxd3 Rxd3 22. Rf3 Bxe4 23. Rxd3 Bxd3 24. Rd1 Bc2 25. Rd7 Bxa4 26. Rxb7
a6 27. c4 a5 28. Kf2 Bc2 29. Ke3 f5 30. Ra7 Bb3 31. Kd4 a4 32. Ra5 Bc2 33. Kc3
Be4 34. g3 Kg7 35. Rxa4 Kg6 36. Kd4 h5 37. Kc5 h4 38. Ra6 hxg3 39. hxg3 Kh5 40.
Rxc6 Kg4 41. Rf6 Kxg3 42. Kd4 Kxf4 43. Rxf7 Kg5 44. Ke5 Kg6 45. Rf6+ Kg5 46. c5
Kg4 47. c6 Bxc6 48. Rxc6 f4 49. Rc4
1-0

[Event "Det åpne Hordalandsmesterskapet (NGP)"]
[Site "Ulsmåg skole"]
[Date "2018.06.09"]
[Round "4"]
[White "Ayzenberg, Alena"]
[Black "Martinsen, Stig K"]
[Result "0-1"]
[WhiteElo "1887"]
[BlackElo "2185"]
[PlyCount "70"]
[EventDate "2018.??.??"]

1. d4 f5 2. Nf3 Nf6 3. g3 g6 4. Bg2 Bg7 5. O-O O-O 6. Qd3 d6 7. Nc3 Nc6 8. e4
e5 9. Qc4+ Kh8 10. dxe5 dxe5 11. Bg5 Qe8 12. Rad1 Be6 13. Qe2 Nh5 14. Be3 h6
15. Bc5 Rg8 16. Nd5 Qf7 17. c4 b6 18. Ba3 f4 19. b3 g5 20. Nxg5 hxg5 21. Nxc7
g4 22. Nxe6 Qxe6 23. Rd6 Qc8 24. Rg6 Bf8 25. Rxg8+ Kxg8 26. Bxf8 f3 27. Bxf3
Nd4 28. Qe3 Nxf3+ 29. Kg2 Qxf8 30. h3 gxh3+ 31. Kxh3 Qc8+ 32. Kg2 Qg4 33. Rh1
Rd8 34. Qc1 Nf4+ 35. Kf1 Nd2+ 
0-1

[Event "Det åpne Hordalandsmesterskapet (NGP)"]
[Site "Ulsmåg skole"]
[Date "2018.06.09"]
[Round "4"]
[White "Hølleland, Sigve"]
[Black "Andås, Kjetil"]
[Result "0-1"]
[WhiteElo "2011"]
[BlackElo "1763"]
[PlyCount "112"]
[EventDate "2018.??.??"]

1. c4 Nf6 2. Nc3 c6 3. d4 d5 4. cxd5 cxd5 5. f3 Nc6 6. e4 dxe4 7. d5 Ne5 8.
fxe4 e6 9. Nf3 Nxf3+ 10. Qxf3 exd5 11. e5 Ne4 12. Bb5+ Bd7 13. Rf1 f6 14. Bd3
Be7 15. Nxe4 dxe4 16. Qxe4 Qa5+ 17. Bd2 Qxe5 18. Qxe5 fxe5 19. Bc3 Bf6 20.
O-O-O Bc6 21. Rfe1 O-O 22. Bxe5 Bxe5 23. Rxe5 Bxg2 24. Rg1 Rac8+ 25. Kb1 Rfd8
26. Re3 Rxd3 27. Rxd3 Be4 28. Rgd1 Rd8 29. Kc2 Rxd3 30. Rxd3 Bxd3+ 31. Kxd3 Kf7
32. Kd4 Ke6 33. Kc5 g5 34. b4 h5 35. Kd4 g4 36. Ke4 h4 37. Kf4 g3 38. hxg3 hxg3
39. Kxg3 Kd5 40. b5 Kc5 41. b6 Kxb6 42. Kf2 Kb5 43. Ke2 Ka4 44. Kd3 Ka3 45. Kc4
Kxa2 46. Kb4 Kb2 47. Kc4 Ka3 48. Kb5 Kb3 49. Ka5 Kc4 50. Ka4 b5+ 51. Ka3 a5 52.
Ka2 Kc3 53. Kb1 b4 54. Ka2 b3+ 55. Kb1 b2 56. Ka2 Kc2
0-1

[Event "Det åpne Hordalandsmesterskapet (NGP)"]
[Site "Ulsmåg skole"]
[Date "2018.06.09"]
[Round "4"]
[White "Ziegler, Lars"]
[Black "Mansoor, Afras"]
[Result "0-1"]
[WhiteElo "1699"]
[BlackElo "1929"]
[PlyCount "71"]
[EventDate "2018.??.??"]

1. c4 Nf6 2. Nc3 g6 3. Nf3 Bg7 4. g3 O-O 5. Bg2 d6 6. h3 e5 7. e4 h6 8. O-O Nc6
9. d4 Nd7 10. d5 Ne7 11. Be3 f5 12. b4 a5 13. bxa5 Rxa5 14. Qc2 Nc5 15. Nd2 b6
16. Nb3 Nxb3 17. axb3 f4 18. Rxa5 bxa5 19. gxf4 exf4 20. Bd2 f3 21. Bh1 Bxh3
22. Qd3 Qd7 23. Bxf3 Bxf1 24. Kxf1 Qh3+ 25. Ke2 g5 26. e5 Bxe5 27. Qe4 Qf5 28.
Qe3 Ng6 29. Be4 Qf6 30. Bxg6 Qxg6 31. Qh3 Bd4 32. f3 Bxc3 33. Bxc3 Qc2+ 34. Kf1
Qxc3 35. Qe6+ Kg7 36. Ke2 
0-1

[Event "Det åpne Hordalandsmesterskapet (NGP)"]
[Site "Ulsmåg skole"]
[Date "2018.06.09"]
[Round "4"]
[White "Jonvik, Aslak"]
[Black "Aarnes, Eirik"]
[Result "0-1"]
[WhiteElo "1492"]
[BlackElo "1784"]
[PlyCount "46"]
[EventDate "2018.??.??"]

1. e4 d5 2. exd5 Nf6 3. d4 Bg4 4. Be2 Bxe2 5. Nxe2 Qxd5 6. Nf4 Qf5 7. c4 e6 8.
Qa4+ Nc6 9. O-O Bd6 10. g3 g5 11. d5 gxf4 12. dxc6 bxc6 13. Nc3 Kd7 14. b4 Qh3
15. Qd1 Ng4 16. Qxg4 Qxg4 17. Ne4 Qg6 18. Bb2 Qxe4 19. c5 Rhg8 20. cxd6 cxd6
21. Rab1 f3 22. h3 Qc2 23. Rfd1 Rxg3+
0-1

[Event "Det åpne Hordalandsmesterskapet (NGP)"]
[Site "Ulsmåg skole"]
[Date "2018.06.09"]
[Round "4"]
[White "Sekkingstad, Thomas"]
[Black "Johannessen, Heine N"]
[Result "1/2-1/2"]
[WhiteElo "1630"]
[BlackElo "1516"]
[PlyCount "91"]
[EventDate "2018.??.??"]

1. d4 Nf6 2. c4 g6 3. Nc3 d5 4. Nf3 Bg7 5. Bf4 c6 6. e3 Bf5 7. Bd3 Bxd3 8. Qxd3
O-O 9. O-O Nh5 10. Be5 f6 11. Bg3 Nxg3 12. hxg3 e6 13. cxd5 cxd5 14. Rfc1 Nc6
15. Na4 Qe7 16. a3 Rac8 17. Rc2 Rc7 18. Rac1 Rfc8 19. Nc5 Na5 20. b4 Nc4 21.
Nd2 Nxd2 22. Qxd2 Rc6 23. b5 R6c7 24. a4 Bf8 25. Nd3 Qf7 26. Nf4 Bd6 27. Rxc7
Rxc7 28. Rxc7 Bxc7 29. Qc3 Bxf4 30. gxf4 Qd7 31. Qc5 a6 32. bxa6 bxa6 33. a5
Qb7 34. Qb6 Qc8 35. Qd6 Kf7 36. Qb6 Kg8 37. Qb2 f5 38. Kf1 Kf7 39. Qb3 Qc7 40.
Qb6 Qc1+ 41. Ke2 Qc2+ 42. Kf3 Qd1+ 43. Kg3 Qg4+ 44. Kh2 Qh5+ 45. Kg1 Qd1+ 46.
Kh2
1/2-1/2

[Event "Det åpne Hordalandsmesterskapet (NGP)"]
[Site "Ulsmåg skole"]
[Date "2018.06.10"]
[Round "5"]
[White "Martinsen, Stig K"]
[Black "Solberg, Joachim"]
[Result "1-0"]
[WhiteElo "2185"]
[BlackElo "2265"]
[PlyCount "127"]
[EventDate "2018.??.??"]

1. e4 e5 2. Nf3 Nc6 3. Bb5 a6 4. Ba4 Nf6 5. O-O Nxe4 6. d4 b5 7. Bb3 d5 8. dxe5
Be6 9. Be3 Be7 10. Qe2 Na5 11. Nd4 c5 12. Nxe6 fxe6 13. c3 Nxb3 14. axb3 O-O
15. f3 Ng5 16. Nd2 d4 17. Bf2 Qd5 18. Qd3 Qxe5 19. cxd4 cxd4 20. Rfe1 Qd6 21.
Qxd4 Qxd4 22. Bxd4 Rfd8 23. Be3 Rd3 24. Kf1 Nf7 25. Ke2 Rd5 26. Rec1 Bd6 27.
Rc6 a5 28. Ne4 a4 29. Nc3 Rh5 30. bxa4 bxa4 31. Rxa4 Rb8 32. Rb6 Rc8 33. h3 Re5
34. Re4 Rxe4 35. Nxe4 Be5 36. Kd3 h6 37. b4 Ra8 38. Rxe6 Ra3+ 39. Ke2 Ra2+ 40.
Bd2 Bf4 41. Re8+ Kh7 42. Kd3 Nd6 43. Re6 Bxd2 44. Nxd2 Ra3+ 45. Kd4 Nf5+ 46.
Kc5 Ra2 47. Re5 Nh4 48. Re2 Rc2+ 49. Kd4 Nf5+ 50. Kd3 Rc8 51. Ne4 Ra8 52. Rb2
Rd8+ 53. Kc4 Ne3+ 54. Kc5 Rc8+ 55. Kd4 Nf5+ 56. Ke5 Ne3 57. Ke6 Rb8 58. b5 Nc4
59. Rb4 Nb6 60. Kd6 Rc8 61. Nc5 Re8 62. Kc6 Nc8 63. Kd7 Rf8 64. b6 
1-0

[Event "Det åpne Hordalandsmesterskapet (NGP)"]
[Site "Ulsmåg skole"]
[Date "2018.06.10"]
[Round "5"]
[White "Sivertsen, Jarle"]
[Black "Hølleland, Sigve"]
[Result "0-1"]
[WhiteElo "1592"]
[BlackElo "2011"]
[PlyCount "54"]
[EventDate "2018.??.??"]

1. d4 Nf6 2. Bf4 g6 3. Nc3 Bg7 4. e4 d6 5. Nf3 O-O 6. Qd2 c5 7. Bh6 cxd4 8.
Nxd4 Nc6 9. Bxg7 Kxg7 10. O-O-O a6 11. Nxc6 bxc6 12. e5 Ne8 13. h4 h5 14. exd6
exd6 15. Ne4 d5 16. Qc3+ Nf6 17. Qxc6 Nxe4 18. Qxa8 Nxf2 19. Rxd5 Qb6 20. Rd2
Bb7 21. Qxb7 Qxb7 22. Rxf2 Rb8 23. b3 Qe7 24. Bc4 Qe3+ 25. Rd2 Qc3 26. Rdd1 a5
27. Kb1 Qxc4 
0-1

[Event "Det åpne Hordalandsmesterskapet (NGP)"]
[Site "Ulsmåg skole"]
[Date "2018.06.10"]
[Round "5"]
[White "Andås, Kjetil"]
[Black "Mansoor, Afras"]
[Result "0-1"]
[WhiteElo "1763"]
[BlackElo "1929"]
[PlyCount "82"]
[EventDate "2018.??.??"]

1. e4 e5 2. Nf3 Nc6 3. Bc4 Bc5 4. O-O Nf6 5. d3 d6 6. c3 O-O 7. h3 h6 8. d4 Bb6
9. d5 Ne7 10. Re1 Ng6 11. a4 a5 12. Bf1 c6 13. c4 Qe7 14. Nc3 Nh5 15. Qb3 Ba7
16. Ne2 f5 17. exf5 Bxf5 18. Be3 Bxe3 19. Qxe3 Bd7 20. Nc3 c5 21. g3 Qf7 22.
Nd2 Nf6 23. Nde4 Nxe4 24. Nxe4 Qe7 25. Qb3 Bf5 26. Bg2 Qd7 27. h4 Bxe4 28. Bxe4
Ne7 29. Re3 Rf6 30. Ra3 Raf8 31. Rf3 Rxf3 32. Bxf3 Qf5 33. Kg2 e4 34. Qxb7
exf3+ 35. Kh2 Ng6 36. Qb3 Nxh4 37. Qd1 Ng6 38. Rb3 Ne5 39. Rc3 Qh5+ 40. Kg1 Ng4
41. Rxf3 Qh2+ 
0-1

[Event "Det åpne Hordalandsmesterskapet (NGP)"]
[Site "Ulsmåg skole"]
[Date "2018.06.10"]
[Round "5"]
[White "Aarnes, Eirik"]
[Black "Ayzenberg, Alena"]
[Result "1/2-1/2"]
[WhiteElo "1784"]
[BlackElo "1887"]
[PlyCount "85"]
[EventDate "2018.??.??"]

1. e4 c5 2. Nf3 e6 3. d4 cxd4 4. Nxd4 a6 5. Bd3 Nf6 6. Nc3 Qc7 7. O-O Bd6 8. h3
Nc6 9. Nxc6 dxc6 10. a4 Bf4 11. Qe2 Bxc1 12. Rfxc1 e5 13. Nd1 Be6 14. Ne3 g6
15. Bc4 Qe7 16. Rd1 O-O 17. Bxe6 Qxe6 18. Qc4 Qe7 19. Rd2 Rfd8 20. Rad1 Rxd2
21. Rxd2 Rd8 22. Rxd8+ Qxd8 23. Qb4 Qd7 24. a5 Kg7 25. Kh2 Qd4 26. Qxb7 Nxe4
27. Qxa6 Nxf2 28. Qe2 Ne4 29. c3 Qc5 30. Nc4 f5 31. a6 Qb5 32. a7 Qa6 33. Nxe5
Qxa7 34. Nf3 Qc7+ 35. Kh1 Qf4 36. Nd4 Qc1+ 37. Kh2 Qf4+ 38. Kg1 Qd6 39. Qa6 Qg3
40. Qxc6 Qf2+ 41. Kh2 Qg3+ 42. Kg1 Qf2+ 43. Kh2 
1/2-1/2

[Event "Det åpne Hordalandsmesterskapet (NGP)"]
[Site "Ulsmåg skole"]
[Date "2018.06.10"]
[Round "5"]
[White "Hina, Ariza"]
[Black "Sekkingstad, Thomas"]
[Result "1/2-1/2"]
[WhiteElo "1517"]
[BlackElo "1630"]
[PlyCount "59"]
[EventDate "2018.??.??"]

1. e4 c6 2. d4 d5 3. Nc3 dxe4 4. Nxe4 Bf5 5. Ng3 Bg6 6. Nf3 Nd7 7. Bd3 Ngf6 8.
O-O e6 9. c3 Be7 10. Re1 O-O 11. Bxg6 hxg6 12. Qc2 Qc7 13. Be3 c5 14. Rad1 Rfd8
15. Ne4 Nxe4 16. Qxe4 Nf6 17. Bf4 Qb6 18. Qc2 Nd5 19. Be3 Rac8 20. Qe2 Nxe3 21.
fxe3 cxd4 22. exd4 Qa5 23. a3 Qd5 24. Ne5 b5 25. Qf3 Bf6 26. Qxd5 Rxd5 27. Ng4
a5 28. Rf1 Be7 29. Ne5 Bf6 30. Ng4 
1/2-1/2

[Event "Det åpne Hordalandsmesterskapet (NGP)"]
[Site "Ulsmåg skole"]
[Date "2018.06.10"]
[Round "5"]
[White "Johannessen, Heine N"]
[Black "Jonvik, Aslak"]
[Result "0-1"]
[WhiteElo "1516"]
[BlackElo "1492"]
[PlyCount "100"]
[EventDate "2018.??.??"]

1. e4 c5 2. d4 cxd4 3. c3 dxc3 4. Nxc3 Nc6 5. Nf3 d6 6. Bc4 e6 7. O-O Nge7 8.
Qe2 Ng6 9. Rd1 a6 10. Bb3 Be7 11. Be3 b5 12. a3 O-O 13. Rd2 Bb7 14. Rad1 Qc7
15. Nd4 Nce5 16. f4 Nc4 17. Bxc4 bxc4 18. f5 exf5 19. Nxf5 Rfe8 20. Nxd6 Bxd6
21. Rxd6 Ne5 22. Bb6 Qe7 23. R1d4 Qg5 24. Na4 Nd3 25. Rxc4 Nf4 26. Qf3 Bxe4 27.
Rxe4 Nh3+ 28. Qxh3 Qc1+ 29. Kf2 Rxe4 30. Qd3 Qf4+ 31. Qf3 Qxf3+ 32. Kxf3 Rxa4
33. Rd8+ Rxd8 34. Bxd8 Rd4 35. Ba5 f5 36. Bc3 Re4 37. h3 Kf7 38. g4 g6 39. g5
Ke6 40. Kg3 Kd5 41. h4 Rg4+ 42. Kh3 Ke4 43. b4 Kf3 44. a4 Rg3+ 45. Kh2 Kg4 46.
Bd2 Rh3+ 47. Kg2 Rxh4 48. b5 axb5 49. axb5 Rh3 50. b6 Rb3 
0-1

[Event "Det Ã¥pne Hordalandsmesterskapet (NGP)"]
[Site "UlsmÃ¥g skole"]
[Date "2018.06.10"]
[Round "6"]
[White "Solberg, Joachim"]
[Black "Aarnes, Eirik"]
[Result "1-0"]
[WhiteElo "2265"]
[BlackElo "1784"]
[PlyCount "109"]
[EventDate "2018.??.??"]

1. e4 d5 2. Nc3 d4 3. Nce2 e5 4. Ng3 Be6 5. d3 Nc6 6. c3 Be7 7. f4 f6 8. Nf3
Nh6 9. Be2 Qd7 10. f5 Bf7 11. O-O dxc3 12. bxc3 Bc5+ 13. Kh1 Ng4 14. Qe1 h5 15.
Nh4 O-O-O 16. Rf3 Kb8 17. h3 Ne7 18. Nf1 g5 19. fxg6 Bxg6 20. Ne3 f5 21. exf5
Nxe3 22. Bxe3 Bxe3 23. Rxe3 Nxf5 24. Nxf5 Bxf5 25. Rb1 Be6 26. c4 c6 27. Qg3
Rde8 28. Qxe5+ Ka8 29. Qb2 Rh7 30. d4 Bg4 31. Rxe8+ Qxe8 32. Bd3 Re7 33. hxg4
Re1+ 34. Rxe1 Qxe1+ 35. Kh2 hxg4 36. Qe2 Qh4+ 37. Kg1 a6 38. Qe4 Qg5 39. g3 Qd2
40. Qe2 Qc3 41. d5 cxd5 42. cxd5 Qd4+ 43. Kg2 Qxd5+ 44. Be4 Qa5 45. Qxg4 Qxa2+
46. Kh3 Qb2 47. Qc8+ Ka7 48. Qc5+ Ka8 49. g4 Qh8+ 50. Kg3 Qb8+ 51. Kf3 Qh8 52.
Kg2 Qb2+ 53. Kg3 Qh8 54. g5 Qd8 55. Qd5 1-0

[Event "Det Ã¥pne Hordalandsmesterskapet (NGP)"]
[Site "UlsmÃ¥g skole"]
[Date "2018.06.10"]
[Round "6"]
[White "Mansoor, Afras"]
[Black "Martinsen, Stig K"]
[Result "1/2-1/2"]
[WhiteElo "1929"]
[BlackElo "2185"]
[PlyCount "71"]
[EventDate "2018.??.??"]

1. d4 c5 2. c3 e6 3. e3 Nf6 4. Bd3 b6 5. Qe2 Nc6 6. Nd2 Be7 7. f4 Nd5 8. Ne4
Qc7 9. Nh3 Bb7 10. O-O f5 11. Neg5 Nf6 12. Nf2 h6 13. Nf3 g5 14. Bd2 gxf4 15.
exf4 cxd4 16. cxd4 Rg8 17. Rac1 Qd6 18. g3 Nxd4 19. Nxd4 Qd5 20. Nf3 Qxf3 21.
Qxf3 Bxf3 22. Rfe1 Kf7 23. Bb5 a6 24. Ba4 Rgc8 25. Nd3 d6 26. Bc3 Bd5 27. Nb4
Bb7 28. Bxf6 Bxf6 29. Rxc8 Bxc8 30. Rd1 d5 31. Rc1 Bxb2 32. Rc7+ Kf6 33. Be8
Bb7 34. Rf7+ Kg6 35. Re7+ Kf6 36. Rf7+ 1/2-1/2

[Event "Det Ã¥pne Hordalandsmesterskapet (NGP)"]
[Site "UlsmÃ¥g skole"]
[Date "2018.06.10"]
[Round "6"]
[White "HÃ¸lleland, Sigve"]
[Black "Ayzenberg, Alena"]
[Result "1-0"]
[WhiteElo "2011"]
[BlackElo "1887"]
[PlyCount "119"]
[EventDate "2018.??.??"]

1. c4 e5 2. Nc3 Nf6 3. g3 Bb4 4. Bg2 O-O 5. Nd5 Bc5 6. e3 Re8 7. Ne2 c6 8.
Nxf6+ Qxf6 9. O-O Qe6 10. Qc2 Na6 11. a3 d5 12. b4 Bb6 13. d3 dxc4 14. dxc4 Bd7
15. c5 Bd8 16. Rd1 Be7 17. Bb2 Rad8 18. Qc3 f6 19. Nc1 Bc8 20. Nb3 Rxd1+ 21.
Rxd1 Rd8 22. Rxd8+ Bxd8 23. Bf1 Qd7 24. Bc4+ Kh8 25. Qc2 Nc7 26. Nd2 Ne6 27.
Nf3 Nf8 28. Bxe5 Ng6 29. Bd4 Qg4 30. Be2 Qe6 31. Bf1 Qg4 32. Bg2 Bf5 33. Qd1
Be4 34. h3 Qd7 35. Nd2 Bxg2 36. Kxg2 h6 37. Qg4 Qxg4 38. hxg4 Kg8 39. Nc4 Bc7
40. Nd6 Bxd6 41. cxd6 Kf7 42. Bxa7 Ke6 43. Bc5 Ne5 44. f3 Nd7 45. e4 b6 46. Be3
Kxd6 47. Kf2 b5 48. Ke2 Ke6 49. f4 Kf7 50. Kd3 g5 51. Kc3 Ke6 52. Bc5 Kf7 53.
Kb3 Ke6 54. a4 bxa4+ 55. Kxa4 gxf4 56. gxf4 f5 57. exf5+ Kd5 58. Be7 Nb6+ 59.
Kb3 Nd7 60. g5 1-0

[Event "Det Ã¥pne Hordalandsmesterskapet (NGP)"]
[Site "UlsmÃ¥g skole"]
[Date "2018.06.10"]
[Round "6"]
[White "Ziegler, Lars"]
[Black "AndÃ¥s, Kjetil"]
[Result "0-1"]
[WhiteElo "1699"]
[BlackElo "1763"]
[PlyCount "84"]
[EventDate "2018.??.??"]

1. c4 Nf6 2. Nf3 e6 3. Nc3 Bb4 4. g3 b6 5. Bg2 Bb7 6. O-O O-O 7. a3 Bxc3 8.
dxc3 d5 9. cxd5 exd5 10. Bf4 Nbd7 11. Qc2 Nc5 12. Rfd1 Ne6 13. Be5 Qe7 14. Bxf6
Qxf6 15. Rd2 Nc5 16. Rad1 Ne4 17. Rd3 Rfe8 18. b4 Ba6 19. Rxd5 Nxc3 20. Rf5
Rxe2 21. Rxf6 Rxc2 22. Nd4 Nxd1 23. Nxc2 gxf6 24. Bxa8 Nc3 25. Nd4 Bd3 26. Bc6
a5 27. bxa5 bxa5 28. Nb3 a4 29. Nc5 Bb5 30. Bxb5 Nxb5 31. Nxa4 Nxa3 32. Kg2 Kf8
33. Kf3 Ke7 34. Kf4 Nc4 35. Nc5 Nb6 36. Ke4 c6 37. Nd3 Nd7 38. Nf4 Kd6 39. Kf5
c5 40. h4 c4 41. Ke4 Kc5 42. Nd5 f5+ 0-1

[Event "Det Ã¥pne Hordalandsmesterskapet (NGP)"]
[Site "UlsmÃ¥g skole"]
[Date "2018.06.10"]
[Round "6"]
[White "Sekkingstad, Thomas"]
[Black "Jonvik, Aslak"]
[Result "1-0"]
[WhiteElo "1630"]
[BlackElo "1492"]
[PlyCount "73"]
[EventDate "2018.??.??"]

1. d4 Nf6 2. c4 e6 3. Nc3 Bb4 4. Qc2 d5 5. Nf3 O-O 6. Bg5 h6 7. Bh4 c5 8. e3
Nbd7 9. cxd5 exd5 10. Be2 g5 11. Bg3 Ne4 12. O-O Bxc3 13. bxc3 c4 14. Nd2 Ndf6
15. Be5 Bf5 16. Qb2 Re8 17. Bf3 Nxd2 18. Qxd2 g4 19. Bxf6 Qxf6 20. Bxd5 Bd3 21.
Rfe1 Rad8 22. e4 b6 23. a4 Qg6 24. Qf4 Re7 25. Re3 Rd6 26. Rg3 h5 27. h3 Rf6
28. Qb8+ Kh7 29. hxg4 hxg4 30. e5 Rf5 31. Qd8 Qg5 32. Bf3 Rf4 33. Bxg4 Rxg4 34.
Rxg4 Qxg4 35. Qxe7 Qg6 36. Qh4+ Kg8 37. Qg3 1-0

[Event "Det Ã¥pne Hordalandsmesterskapet (NGP)"]
[Site "UlsmÃ¥g skole"]
[Date "2018.06.10"]
[Round "6"]
[White "Hina, Ariza"]
[Black "Johannessen, Heine N"]
[Result "0-1"]
[WhiteElo "1517"]
[BlackElo "1516"]
[PlyCount "76"]
[EventDate "2018.??.??"]

1. e4 c5 2. Nc3 g6 3. f4 Bg7 4. Nf3 Nc6 5. Bb5 e6 6. Bxc6 bxc6 7. O-O Ne7 8. d3
d5 9. Qe1 O-O 10. Qg3 f6 11. h4 h5 12. Qf2 Qd6 13. Na4 c4 14. Be3 cxd3 15. cxd3
Ba6 16. Nc5 dxe4 17. Nxe4 Qxd3 18. Nc5 Qb5 19. Nxe6 Qa5 20. Rfd1 Rf7 21. Bd2
Qb6 22. Be3 Qa5 23. Bxa7 Bc4 24. Bb6 Qf5 25. Nxg7 Kxg7 26. b3 Bd5 27. Nd4 Qg4
28. Kh2 Nf5 29. Nxf5+ Qxf5 30. g3 Kh7 31. Qd2 Be6 32. Qg2 Bd5 33. Qb2 Re8 34.
Re1 Rfe7 35. Qf2 Be6 36. Qg2 Bd5 37. Qf1 Qc2+ 38. Qf2 Re2 0-1